000 01207 a2200325 4500
999 _c5613
_d5613
020 _a9780415953825 (alk. paper)
020 _a0415953820 (alk. paper)
020 _a9780415953832 (pbk. : alk. paper)
020 _a0415953839 (pbk. : alk. paper)
050 0 0 _aRA 643.8 HIV 2009
245 0 0 _aHIV/AIDS :
_bglobal frontiers in prevention/intervention /
_c
264 _aNew York:
_bRoutledge,
_c2009
300 _axxii, 572 p. :
_bill., maps ;
500 _aIncludes bibliographical references.
504 _aIncludes bibliographical references.
650 0 _aAIDS (Disease)
650 0 _aHIV infections
650 1 2 _aAcquired Immunodeficiency Syndrome.
650 1 2 _aHIV Infections.
650 2 2 _aDisease Outbreaks.
650 2 2 _aHealth Planning.
650 2 2 _aHealth Policy.
650 2 2 _aRisk Assessment.
700 1 _aPope, Cynthia.
_eEditor
700 1 _a
_eEditor
700 1 _aMalow, Robert.
_eEditor
856 4 1 _3Table of contents only
_uhttp://www.loc.gov/catdir/toc/ecip088/2007052736.html
942 _2lcc
_cBK
_h643.8
_iHIV
_k2009